| 000 | 00549nam a22002177a 4500 | ||
|---|---|---|---|
| 003 | UA-OsUOA | ||
| 001 | 47172 | ||
| 007 | ta | ||
| 008 | 20070712b un ||||| |||| 00| 0 ukr d | ||
| 090 |
_a721.161.2 _bН73 |
||
| 942 | _cBK | ||
| 040 |
_aUA-OsUOA _bukr _cUA-OsUOA _dUA-OsUOA |
||
| 245 |
_aНові п'єси _bрепертуарний збірник |
||
| 300 | _a157 с. | ||
| 955 | _a2 | ||
| 041 | _aukr | ||
| 080 | _a721.161.2 | ||
| 260 |
_aК. _bМистецтво _c1968 |
||
| 650 | 7 |
_a72 Архітектура _2UDC |
|
| 999 |
_c333268 _d333268 |
||